00510nam a2200193 450000500170000000700040001700800040002102000150002504000090004005000200004910000160006924500650008525000170015026000480016730000110021550000190022650500530024565000180029820150325121027.0000000 a0719524288 aUOEL aQK475b.B3 1980 aBean, W. J. aTrees and shrubs :bhardy in the British isles /cW. J. Bean a8th ed. Rev. aLondon :bM. Bean and John Murray ,cc1980. avol. - aincludes index aVol. 1 -A-C, Vol. 2 D-M, Vol. 3 N-Rh Vol. 4 Ri-Z aTreesxBotany